000 00369 a2200157 4500
001 71339
020 _a8575471848
040 _cAnchieta - Colégio São Paulo
100 _aPina, Sandra
240 1 0 _aEntre e-mails e acontecimentos
_lpor
245 1 0 _aEntre e-mails e acontecimentos
300 _a87
362 0 _a2008
650 4 _aLiteratura juvenil
942 _cBK
999 _c71339
_d71339